Länder mit der höchsten Lebenserwartung - Statistiken

Allgemein
  • Dieses Quiz wurde 510 mal gespielt
  • Das Durchschnittsergebnis liegt bei 14 aus 20
Antwortstatistiken
Jahre Land % Korrekt
84,9 Japan
92%
82,7 Schweden
88%
82,6 Norwegen
87%
83,2 Schweiz
80%
83,8 Kanada
77%
82,6 Italien
73%
89,5 Monaco
73%
83,0 Südkorea
73%
83,6 Island
72%
82,6 Liechtenstein
72%
82,6 Spanien
72%
83,0 Luxemburg
71%
83,1 Australien
70%
82,6 Frankreich
70%
83,9 San Marino
70%
83,4 Andorra
68%
82,6 Neuseeland
66%
86,4 Singapur
52%
83,2 Malta
48%
83,4 Israel
21%
Keine übereinstimmenden Quizze gefunden
Verteilung der Resultate
Anzahl Personen mit jedem Resultat
Perzentil nach korrekt beantworteten Fragen
Ihre Resultats-Entwicklung
Sie haben dieses Quiz noch nicht gespielt